书目信息 |
| 书名: | Born again | |
| 作者: | ||
| 分册号: | ||
| 分册名: | 出版地: | Old Pappan, N.J. : |
|
| 出版社: | Fleming H. Revell Co | |
| 出版时间: | 1976. | |
| 页数: | 348 p. : | |
| 开本: | 18 cm. | |
| 丛书名: | ||
| 中图分类号: | ||
| 科图分类号: | ||
| 其他分类号: | I712.5 | |
| 主题词: | ||
| 电子资源: | ||
| 000 | 00526nam 2200205 a 4500 | |
| 001 | E0754014789 | |
| 005 | 20070421151137.45 | |
| 008 | 001 0 eng | |
| 008 | uu | |
| 040 | @aNLC | |
| 049 | @aN5LA | |
| 090 | @a2/I712.55/CCWa//////////949373 | |
| 090 | @aI712.5 | |
| 096 | @aI712.55 @v2 | |
| 099 | @dI712.5@ex183 | |
| 100 | 1 | @aColson, Charles W. |
| 245 | 10 | @aBorn again |
| 260 | @aOld Pappan, N.J. :@bFleming H. Revell Co.,@c1976. | |
| 300 | @a348 p. :@bill. ;@c18 cm. | |
| 852 | 9 | @bWWJC @cJ08S @k2 @hI712.55 @iCCWa |
| Born again.-Old Pappan, N.J. : : Fleming H. Revell Co., , 1976. |
| 348 p. : : ill. ; ; 18 cm. |
| ISBN |
| ● |
| 相关链接 |
|
|
|
|
正题名:Born again
索取号:I712.5/x183
 
预约/预借
| 序号 | 登录号 | 条形码 | 馆藏地/架位号 | 状态 | 备注 |
| 1 | 004288 | 300042889 | 第二样本阅览室/ [索取号:I712.5/x183] | 在馆 |